000
00318nam a22001217a 4500
040
_c
HS
082
_a
657
100
_a
អេង លេង
245
_a
Basic accounting មូលដ្ឋានគ្រឹះនៃគណនេយ្យ
260
_a
RUA
_b
អេង លេង
_c
2008
300
_a
41p;
942
_c
KB
999
_c
10067
_d
10067